Interpreting early India / (Record no. 130639)

MARC details
000 -LEADER
fixed length control field 00697nam a22002297a 4500
005 - DATE AND TIME OF LATEST TRANSACTION
control field 20170124110114.0
010 ## - LIBRARY OF CONGRESS CONTROL NUMBER
LC control number A-583140
020 ## - INTERNATIONAL STANDARD BOOK NUMBER
Terms of availability 00.00
International Standard Book Number 0195633423
035 ## - SYSTEM CONTROL NUMBER
System control number A-583140
037 ## - SOURCE OF ACQUISITION
Source of stock number/acquisition Cen Lib/Ret
040 ## - CATALOGING SOURCE
Original cataloging agency DPL
Language of cataloging EN
082 ## - DEWEY DECIMAL CLASSIFICATION NUMBER
Classification number 954.01
Item number THA
100 ## - MAIN ENTRY--PERSONAL NAME
Personal name Thapar, Romila
9 (RLIN) 29455
245 ## - TITLE STATEMENT
Title Interpreting early India /
Statement of responsibility, etc by Romila Thapar
260 ## - PUBLICATION, DISTRIBUTION, ETC. (IMPRINT)
Name of publisher, distributor, etc Oxford University Press
Place of publication, distribution, etc New Delhi
Date of publication, distribution, etc 1993
270 ## - ADDRESS
Address YMCA Library Building, Jai Singh Road
City New Delhi
Postal code 110001
300 ## - PHYSICAL DESCRIPTION
Extent 181p.
Dimensions 20cm(Hb)
500 ## - GENERAL NOTE
General note Includes index
650 ## - SUBJECT ADDED ENTRY--TOPICAL TERM
Topical term or geographic name as entry element Historiography
9 (RLIN) 24463
650 ## - SUBJECT ADDED ENTRY--TOPICAL TERM
Topical term or geographic name as entry element India -- Civilization -- To 1200
9 (RLIN) 102008
942 ## - ADDED ENTRY ELEMENTS (KOHA)
Source of classification or shelving scheme Dewey Decimal Classification
Koha item type English Books
Classification part 954.01
Call number suffix THA
Holdings
Withdrawn status Lost status Damaged status Not for loan Home library Current library Date acquired Source of acquisition Cost, normal purchase price Total Checkouts Full call number Barcode Date last seen Copy number Cost, replacement price Price effective from Koha item type Public note
Written off       Central Library Central Library 10/07/2015 Cen Lib/Ret 0.00   954.01 THA A-583140 10/07/2015 1 0.00 10/07/2015 English Books W/d List No. 8130/19; dtd 18.2.2017

© Delhi Public Library
Hit Counter
free hit counter